[Event "IND-chT (Women) 21st"]
[Site "Dharamshala"]
[Date "2024.04.02"]
[Round "5.3"]
[White "Arpita, Patankar"]
[Black "Soumya, Swaminathan"]
[Result "0-1"]
[WhiteElo "1641"]
[BlackElo "2259"]
[PlyCount "119"]
[EventDate "2024.03.29"]
[EventType "team-swiss"]
[EventRounds "7"]
[EventCountry "IND"]
[SourceTitle "CB15_2024"]
[SourceDate "2024.04.10"]
[SourceVersion "1"]
[SourceVersionDate "2024.04.10"]
[SourceQuality "1"]
[WhiteTeam "Gujarat (W)"]
[BlackTeam "Petroleum Sports PB (W)"]
[WhiteTeamCountry "IND"]
[BlackTeamCountry "IND"]

1. d4 Nf6 2. Nf3 g6 3. Nbd2 Bg7 4. e4 d6 5. Bb5+ Nfd7 6. 0-0 0-0 7. c3 e5 8. Nb3 h6 9. Re1 a6 10. Bd3 Nc6 11. Bc2 a5 12. a4 b6 13. h3 Qe7 14. Bd2 Nd8 15. Bd3 Ba6 16. Bxa6 Rxa6 17. Qe2 Ra7 18. Qc4 Nf6 19. dxe5 dxe5 20. Qb5 Ne8 21. Nc1 Nd6 22. Qe2 Qe6 23. Nh2 N8b7 24. f4 exf4 25. Bxf4 g5 26. Bxd6 cxd6 27. Ng4 Re8 28. Nf2 Nc5 29. Ncd3 Nb3 30. Rad1 Rae7 31. Qc2 Nc5 32. Nxc5 dxc5 33. Rd2 h5 34. Qd1 Qg6 35. Rd8 Kh7 36. Rxe8 Rxe8 37. Kf1 Be5 38. Qf3 Re6 39. Qf5 Bg3 40. Qxg6+ Kxg6 41. Re3 h4 42. Ng4 f6 43. b3 Bf4 44. Re2 Re8 45. Kf2 Bg3+ 46. Kf3 Rd8 47. Rc2 Rd1 48. Ne3 Rb1 49. Nf5 Be5 50. Ne7+ Kf7 51. Nd5 Rxb3 52. Ke3 c4 53. Kd2 Ke6 54. Kc1 f5 55. Rb2 fxe4 56. Rxb3 cxb3 57. Nxb6 Bxc3 58. Nc4 Kd5 59. Na3 Kd4 60. Kd1 0-1

[Event "Tashkent (Women) 2nd"]
[Site "Tashkent"]
[Date "2024.03.11"]
[Round "8"]
[White "Soumya, Swaminathan"]
[Black "Bodnaruk, Anastasia"]
[Result "1/2-1/2"]
[WhiteElo "2259"]
[BlackElo "2340"]
[PlyCount "64"]
[EventDate "2024.03.06"]
[EventType "swiss"]
[EventRounds "9"]
[EventCountry "UZB"]
[SourceTitle "CB12_2024"]
[SourceDate "2023.10.01"]
[SourceVersion "1"]
[SourceVersionDate "2023.10.01"]
[SourceQuality "1"]

1. e4 c5 2. Nf3 d6 3. d4 cxd4 4. Nxd4 Nf6 5. Nc3 a6 6. Bd3 e5 7. Nde2 Be7 8. 0-0 0-0 9. Ng3 g6 10. Bc4 Be6 11. Nd5 Bxd5 12. Bxd5 Nxd5 13. Qxd5 Qc7 14. Be3 Nd7 15. a4 Qc6 16. Qb3 b5 17. axb5 axb5 18. Bh6 Rfc8 19. Rfd1 Bf8 20. Bxf8 Nxf8 21. Rxa8 Rxa8 22. h4 Ne6 23. Qd5 Qxd5 24. Rxd5 Ra1+ 25. Kh2 Rc1 26. Rxb5 Rxc2 27. Kg1 Nc5 28. Rb6 Nd3 29. Nh1 Rxb2 30. Rxd6 Nf4 31. Ng3 Kg7 32. Rd1 h5 1/2-1/2

[Event "Meghalaya op 1st"]
[Site "Shillong"]
[Date "2023.12.16"]
[Round "5"]
[White "Soumya, Swaminathan"]
[Black "Singh, Soram Rahul"]
[Result "1-0"]
[WhiteElo "2267"]
[BlackElo "1834"]
[PlyCount "53"]
[EventDate "2023.12.13"]
[EventType "swiss"]
[EventRounds "10"]
[EventCountry "IND"]
[SourceTitle "CB52_2023"]
[SourceDate "2023.12.27"]
[SourceVersion "1"]
[SourceVersionDate "2023.12.27"]
[SourceQuality "1"]

1. e4 c5 2. Nf3 d6 3. d4 cxd4 4. Nxd4 Nf6 5. Nc3 a6 6. h3 e5 7. Nf3 Be7 8. g4 h6 9. Rg1 b5 10. g5 hxg5 11. Nxg5 Bb7 12. Be3 Qc7 13. Qf3 Nbd7 14. Nd5 Bxd5 15. exd5 Nb6 16. Bxb6 Qxb6 17. 0-0-0 Rh4 18. Rg4 Nxg4 19. Qxf7+ Kd7 20. hxg4 Rf8 21. Qe6+ Kd8 22. Nf7+ Ke8 23. Nxe5 Qc7 24. Bd3 Rh6 25. Bg6+ Rxg6 26. Qxg6+ Kd8 27. Nc6+ 1-0

[Event "IND-ch (Women) 49th"]
[Site "Ahmedabad"]
[Date "2023.07.10"]
[Round "11"]
[White "Soumya, Swaminathan"]
[Black "Kalyani, Sirin"]
[Result "1/2-1/2"]
[WhiteElo "2273"]
[BlackElo "1738"]
[PlyCount "74"]
[EventDate "2023.06.30"]
[EventType "swiss"]
[EventRounds "11"]
[EventCountry "IND"]
[SourceTitle "CBM 215 Extra"]
[Source "ChessBase"]
[SourceDate "2023.09.30"]
[SourceVersion "1"]
[SourceVersionDate "2023.09.30"]
[SourceQuality "1"]

1. e4 e5 2. Nf3 Nc6 3. Bb5 a6 4. Ba4 Nf6 5. 0-0 Nxe4 6. d4 b5 7. Bb3 d5 8. dxe5 Be6 9. Nbd2 Be7 10. c3 0-0 11. Bc2 f5 12. Nb3 Qd7 13. a4 b4 14. Qe1 Rab8 15. Nfd4 Nxd4 16. cxd4 c5 17. f3 c4 18. fxe4 cxb3 19. Bxb3 dxe4 20. Qe3 Bd5 21. Qh3 Kh8 22. Bxd5 Qxd5 23. Be3 f4 24. Bxf4 Qxd4+ 25. Kh1 Qxb2 26. Rae1 Qc3 27. Qd7 Bc5 28. Qg4 b3 29. e6 Rbc8 30. Rxe4 b2 31. e7 Bxe7 32. Rxe7 b1Q 33. Rxb1 Qc1+ 34. Re1 Qxf4 35. Qd7 Rfd8 36. Qb7 Qxa4 37. Ra1 Qb5 1/2-1/2

[Event "IND-ch (Women) 49th"]
[Site "Ahmedabad"]
[Date "2023.07.01"]
[Round "2"]
[White "Sachi, Jain"]
[Black "Soumya, Swaminathan"]
[Result "0-1"]
[WhiteElo "1690"]
[BlackElo "2273"]
[PlyCount "102"]
[EventDate "2023.06.30"]
[EventType "swiss"]
[EventRounds "11"]
[EventCountry "IND"]
[SourceTitle "CBM 215 Extra"]
[Source "ChessBase"]
[SourceDate "2023.09.30"]
[SourceVersion "1"]
[SourceVersionDate "2023.09.30"]
[SourceQuality "1"]

1. e4 c5 2. Nf3 Nc6 3. d4 cxd4 4. Nxd4 Nf6 5. Nc3 d6 6. f4 g6 7. Nf3 Bg7 8. Bd3 Qb6 9. Qe2 0-0 10. Qe3 Qa5 11. Bd2 a6 12. 0-0 Ng4 13. Qe1 Qb6+ 14. Kh1 Qxb2 15. Rb1 Qa3 16. Nd5 e6 17. Nb6 Rb8 18. h3 Nf6 19. Nc4 Qc5 20. Be3 Qh5 21. Nh2 d5 22. g4 Qxh3 23. Rf3 Qxf3+ 24. Nxf3 dxc4 25. g5 cxd3 26. gxf6 Bxf6 27. cxd3 b5 28. e5 Be7 29. Kh2 Bb7 30. Bf2 Rfd8 31. d4 Rd7 32. Kg3 Rbd8 33. Qc3 Rc8 34. Qd2 Rcd8 35. Qc3 h5 36. Rd1 Nb4 37. a3 Rc8 38. Qb2 Rc2 39. Qb3 Rdc7 40. Be1 Na2 41. Ba5 Bd5 42. Qe3 Rc8 43. Ne1 Rb2 44. Rd2 Rb1 45. Qf2 Nc3 46. Bxc3 Rxc3+ 47. Kh2 h4 48. Rb2 Ra1 49. Re2 Raxa3 50. Ng2 Rh3+ 51. Kg1 Bxg2 0-1

[Event "Asian Continental (Women) op 20th"]
[Site "Almaty"]
[Date "2023.06.07"]
[Round "5"]
[White "Balabayeva, Kseniya"]
[Black "Soumya, Swaminathan"]
[Result "1-0"]
[WhiteElo "2186"]
[BlackElo "2293"]
[PlyCount "107"]
[EventDate "2023.06.04"]
[EventType "swiss"]
[EventRounds "9"]
[EventCountry "KAZ"]
[SourceTitle "CBM 214 Extra"]
[Source "ChessBase"]
[SourceDate "2023.07.31"]
[SourceVersion "1"]
[SourceVersionDate "2023.07.31"]
[SourceQuality "1"]

1. e4 c5 2. Nf3 Nc6 3. Bb5 g6 4. 0-0 Bg7 5. c3 Nf6 6. Re1 0-0 7. d4 d5 8. e5 Ne4 9. Bxc6 bxc6 10. Be3 Rb8 11. Qc1 cxd4 12. cxd4 f6 13. Nc3 Bf5 14. exf6 exf6 15. Nxe4 Bxe4 16. Nd2 Bf5 17. Nb3 Qd7 18. Qc3 g5 19. Rac1 Rfc8 20. Na5 Bf8 21. a3 Bd6 22. Qd2 Rb5 23. b4 Bb8 24. h4 Qd6 25. g3 Be4 26. hxg5 Qd7 27. Bf4 Qg4 28. Bxb8 Rcxb8 29. Qf4 Qh5 30. Qh4 Qf3 31. Qh2 fxg5 32. Nxc6 Rf8 33. Re3 Qf6 34. Ne5 Qg7 35. f3 Bg6 36. Rec3 Rb7 37. Qa2 Bf7 38. Rc7 Rxc7 39. Rxc7 Kh8 40. Rxa7 Qf6 41. Rxf7 Rxf7 42. Nxf7+ Qxf7 43. Qe2 h6 44. b5 Kg8 45. Kg2 Qa7 46. Qb2 Kf7 47. b6 Qb7 48. a4 h5 49. a5 h4 50. Qc2 Kf6 51. Qc7 Qa6 52. Qe5+ Kg6 53. Qe6+ Kg7 54. Qe7+ 1-0

[Event "Asian Continental (Women) op 20th"]
[Site "Almaty"]
[Date "2023.06.06"]
[Round "3"]
[White "Chitlange, Sakshi"]
[Black "Soumya, Swaminathan"]
[Result "1/2-1/2"]
[WhiteElo "2225"]
[BlackElo "2293"]
[PlyCount "114"]
[EventDate "2023.06.04"]
[EventType "swiss"]
[EventRounds "9"]
[EventCountry "KAZ"]
[SourceTitle "CBM 214 Extra"]
[Source "ChessBase"]
[SourceDate "2023.07.31"]
[SourceVersion "1"]
[SourceVersionDate "2023.07.31"]
[SourceQuality "1"]

1. d4 Nf6 2. c4 g6 3. Nc3 Bg7 4. e4 d6 5. h3 0-0 6. Be3 e5 7. d5 Na6 8. g4 Nc5 9. Qc2 c6 10. Nge2 cxd5 11. cxd5 h5 12. f3 a5 13. Nc1 Bd7 14. Nd3 Nxd3+ 15. Bxd3 Ne8 16. 0-0-0 Rc8 17. Kb1 b5 18. Qd2 b4 19. Ne2 h4 20. g5 f5 21. Bf2 f4 22. Bxh4 Kf7 23. Rdg1 Rh8 24. Qe1 Bf8 25. Nc1 Be7 26. Bf1 Qc7 27. Ba6 Ra8 28. Bf1 Rh5 29. Bf2 Bxg5 30. h4 Bd8 31. Bd3 Ng7 32. Rg2 Rh6 33. Rhg1 Nh5 34. Qe2 a4 35. Qd2 Rb8 36. Ne2 Bf6 37. Rc1 Qd8 38. Qe1 Ke7 39. Qg1 Kf7 40. Ba6 Qa5 41. Bd3 Bd8 42. Ba7 Rb7 43. Bf2 Bb6 44. Bxb6 Qxb6 45. Qxb6 Rxb6 46. Rc7 Nf6 47. Bc2 b3 48. axb3 axb3 49. Bd1 Rxh4 50. Rc3 Rh3 51. Kc1 Rb4 52. Kd2 Kg7 53. Ng1 Rh8 54. Rxb3 Rd4+ 55. Rd3 Rb4 56. Rb3 Rd4+ 57. Rd3 Rb4 1/2-1/2

[Event "Asian Continental blitz (Women) op 20th"]
[Site "Almaty"]
[Date "2023.06.03"]
[Round "7"]
[White "Khamdamova, Afruza"]
[Black "Soumya, Swaminathan"]
[Result "1-0"]
[WhiteElo "2162"]
[BlackElo "2293"]
[PlyCount "93"]
[EventDate "2023.06.03"]
[EventType "swiss (blitz)"]
[EventRounds "9"]
[EventCountry "KAZ"]
[SourceTitle "CBM 214 Extra"]
[Source "ChessBase"]
[SourceDate "2023.07.31"]
[SourceVersion "1"]
[SourceVersionDate "2023.07.31"]
[SourceQuality "1"]

1. e4 c5 2. Nf3 Nc6 3. d4 cxd4 4. Nxd4 Nf6 5. Nc3 d6 6. Be2 e5 7. Nb3 a5 8. a4 Be7 9. 0-0 0-0 10. Kh1 Be6 11. f4 Nb4 12. Be3 Rc8 13. Rc1 exf4 14. Bxf4 Rxc3 15. bxc3 Na2 16. Ra1 Nxc3 17. Qd3 Nfxe4 18. Nd4 Bd7 19. Bf3 d5 20. Nb5 Nxb5 21. axb5 Bf5 22. Qb3 Bc5 23. Be3 Qb6 24. Bxc5 Qxc5 25. Qa3 Nf2+ 26. Rxf2 Qxf2 27. Qxa5 Re8 28. Bxd5 h5 29. Qc3 Re2 30. Bf3 Rxc2 31. Qb4 Rb2 32. Qc4 Bg4 33. Qd5 Rd2 34. Qxb7 Qd4 35. Rf1 Bf5 36. b6 g6 37. Qb8+ Kg7 38. b7 Rb2 39. Qc7 Qb4 40. Qe5+ Kh7 41. Rd1 Qb6 42. h4 Bg4 43. Qf4 Bf5 44. Kh2 Rb3 45. Qe5 Rxf3 46. b8Q Qf2 47. Qbh8# 1-0

[Event "Titled Tuesday intern op 17th Jan Early"]
[Site "Chess.com INT"]
[Date "2023.01.17"]
[Round "7"]
[White "Chan, Kim Yew"]
[Black "Soumya, Swaminathan"]
[Result "1-0"]
[WhiteElo "2324"]
[BlackElo "2322"]
[PlyCount "53"]
[EventDate "2023.01.17"]
[EventType "swiss (blitz)"]
[EventRounds "11"]
[EventCountry "USA"]
[SourceTitle "CBM 212 Extra"]
[Source "ChessBase"]
[SourceDate "2023.03.31"]
[SourceVersion "1"]
[SourceVersionDate "2023.03.31"]
[SourceQuality "1"]

1. d4 Nf6 2. Nf3 g6 3. c4 Bg7 4. Nc3 0-0 5. Bg5 d6 6. e3 Nbd7 7. Be2 h6 8. Bh4 Re8 9. 0-0 Nf8 10. Qc2 c6 11. Rfd1 Qa5 12. Rab1 g5 13. b4 Qf5 14. Bd3 Qg4 15. h3 Qh5 16. Bg3 g4 17. hxg4 Bxg4 18. Be2 Qg6 19. Qd2 Nh5 20. Bh2 Bf6 21. b5 Qg7 22. Ne4 Bf5 23. Nxf6+ Nxf6 24. bxc6 Bxb1 25. cxb7 Rab8 26. Rxb1 Ne4 27. Qc2 1-0

[Event "Titled Tuesday intern op 17th Jan Early"]
[Site "Chess.com INT"]
[Date "2023.01.17"]
[Round "4"]
[White "Papayan, Oleg"]
[Black "Soumya, Swaminathan"]
[Result "1-0"]
[WhiteElo "2253"]
[BlackElo "2322"]
[PlyCount "53"]
[EventDate "2023.01.17"]
[EventType "swiss (blitz)"]
[EventRounds "11"]
[EventCountry "USA"]
[SourceTitle "CBM 212 Extra"]
[Source "ChessBase"]
[SourceDate "2023.03.31"]
[SourceVersion "1"]
[SourceVersionDate "2023.03.31"]
[SourceQuality "1"]

1. e4 g6 2. h4 h5 3. Nf3 d6 4. d4 Bg7 5. Bc4 a6 6. c3 Nd7 7. Bxf7+ Kxf7 8. Ng5+ Ke8 9. Ne6 Nf8 10. Nxd8 Kxd8 11. Be3 Nf6 12. Nd2 Bd7 13. f3 c6 14. Qc2 Kc7 15. 0-0-0 b5 16. Bf4 Re8 17. e5 Nd5 18. Bg5 Bf5 19. Ne4 dxe5 20. dxe5 Bxe5 21. Rhe1 Ne6 22. Kb1 Nxg5 23. hxg5 h4 24. Ka1 Bg3 25. Re2 Rd8 26. Qb3 Nf4 27. Red2 1-0

[Event "IND-ch (Women) 48th"]
[Site "Hatkanangale"]
[Date "2023.01.04"]
[Round "10"]
[White "Vantika, Agrawal"]
[Black "Soumya, Swaminathan"]
[Result "1-0"]
[WhiteElo "2352"]
[BlackElo "2322"]
[PlyCount "81"]
[EventDate "2022.12.26"]
[EventType "swiss"]
[EventRounds "11"]
[EventCountry "IND"]
[SourceTitle "CBM 212 Extra"]
[Source "ChessBase"]
[SourceDate "2023.03.31"]
[SourceVersion "1"]
[SourceVersionDate "2023.03.31"]
[SourceQuality "1"]

1. d4 Nf6 2. c4 c5 3. d5 e6 4. Nc3 exd5 5. cxd5 d6 6. Nf3 g6 7. Nd2 Bg7 8. e4 0-0 9. Be2 Na6 10. 0-0 Nc7 11. a4 b6 12. f3 Re8 13. Kh1 Rb8 14. Nb5 Nxb5 15. axb5 Ra8 16. Nc4 Bb7 17. Bf4 Bf8 18. Qd2 Nh5 19. Bg5 f6 20. Be3 a6 21. Na3 Qe7 22. g4 Ng7 23. Rae1 Qf7 24. Bc4 Kh8 25. Bf4 Bc8 26. Qc3 Rd8 27. Bg3 axb5 28. Nxb5 Ba6 29. Qb3 Qd7 30. h3 h5 31. Kg2 g5 32. f4 hxg4 33. hxg4 Qxg4 34. Be2 Qd7 35. fxg5 fxg5 36. Rf6 Qe7 37. Qf3 Bxb5 38. Rh1+ Kg8 39. Rfh6 Nh5 40. Rh8+ Kxh8 41. Qxh5+ 1-0